Algunas notas acerca del Código penal de Costa Rica /
El documento presenta un artículo que busca analizar el código penal de Costa Rica.
Guardat en:
| Autor principal: | |
|---|---|
| Format: | Text |
| Idioma: | Spanish |
| Publicat: |
Madrid:
Instituto Nacional de Estudios Jurídicos
1972
|
| Matèries: | |
| Etiquetes: |
Afegir etiqueta
Sense etiquetes, Sigues el primer a etiquetar aquest registre!
|
MARC
| LEADER | 00000 a a2200000 04500 | ||
|---|---|---|---|
| 001 | 17870 | ||
| 003 | cru CIDCACS/IIS | ||
| 005 | 20230613103750.0 | ||
| 008 | 230613e1972 sp ||||| |||| 00| 0 spa d | ||
| 040 | |c CRAI/IS | ||
| 090 | |a 04.01.01 R763a | ||
| 100 | |a Romero Pérez, Jorge Enrique | ||
| 245 | |a Algunas notas acerca del Código penal de Costa Rica / |c Jorge Enrique Romero Pérez | ||
| 260 | |a Madrid: |b Instituto Nacional de Estudios Jurídicos |c 1972 | ||
| 300 | |a pp. 426-45 | ||
| 520 | |a El documento presenta un artículo que busca analizar el código penal de Costa Rica. | ||
| 650 | 0 | |9 4672 |a CODIGOS | |
| 650 | 0 | |9 4063 |a DERECHO PENAL | |
| 651 | 0 | |9 32 |a COSTA RICA | |
| 942 | |2 ddc |c LITG |h 04.01.01 R763a |i 05629 |6 040101_R763A_05629 | ||
| 999 | |c 5843 |d 5843 | ||
